000 00643cam a22002053a 4500
001 39115
003 PGUSA
005 20140828083851.0
008 120312s2012||||xxu|||||s|||||000 | eng d
040 _aPGUSA
_beng
042 _adc
100 1 _aBunbury, William Henry
245 1 0 _aGeoffery Gambado :
_bA Simple Remedy for Hypochondriacism and Melancholy Splenetic Humours
_h[electronic resource] /
_cWilliam Henry Bunbury
260 _bProject Gutenberg,
_c2012
506 _aPublic domain in the USA.
516 _aElectronic text
830 0 _aProject Gutenberg
_v39115
856 4 0 _uhttp://www.gutenberg.org/ebooks/39115
942 _cEB
999 _c268368
_d268368